| 000 | 01003nam a22002417a 4500 | ||
|---|---|---|---|
| 999 |
_c12591 _d12591 |
||
| 003 | AR-CdUCM | ||
| 008 | 190409b ||||| |||| 00| 0 spa d | ||
| 040 |
_aMUNICIPALIDAD PROVINCIAL DEL CUSCO _cBIBLIOTECA MUNICIPAL DEL CUSCO |
||
| 082 |
_a396.098504 / _bP86 / 1964 |
||
| 100 |
_aPrieto de Zegarra, Judith _930498 |
||
| 245 | _aAsí hicieron las mujeres el Perú / | ||
| 260 |
_aLima : _c1964. |
||
| 300 |
_a146 páginas ; _bilustraciones, retrato, _c21 cm. |
||
| 500 | _aConsejo Nacional de Mujeres del Perú. | ||
| 505 | _aContenido: La participación de la mujer Peruana en los levantamientos del siglo XVIII -- Ana de Tarma -- Mujeres que intervinieron en el levantamiento de Huarochiri de 1750 -- Juana Moreno -- Micaela Bastidas Puyucahua 1780 ... | ||
| 650 |
_aMujeres _93760 |
||
| 650 |
_aPerú _935 |
||
| 650 |
_aBiografía _922 |
||
| 650 |
_aEmancipación, 1808-1824 _93036 |
||
| 700 |
_aValcarcel, Carlos Daniel (prólogo) _930499 |
||
| 942 |
_2ddc _cLIBROS |
||
| 945 |
_aachl _d2019-04-09 |
||